Statistiques concernant Villes d'Espagne de plus de 100 000 habitants

Cliquez ici pour prendre le quiz!

Statistiques générales

  • Ce quiz a été pris 102 fois
  • Le résultat moyen est 20 sur 64

Statistiques - réponses

Hint Answer % Correct
1 620 343Barcelone
99%
3 223 334Madrid
99%
791 413Valence
98%
688 711Séville
97%
353 173Bilbao
92%
232 208Grenade
84%
666 880Saragosse
80%
571 026Malaga
79%
409 661Palma de Majorque
65%
199 066Pampelune
65%
244 850La Corogne
64%
447 182Murcie
57%
298 866Valladolid
57%
331 577Alicante
55%
186 665Saint Sébastien
52%
116 979Cadix
52%
298 450Gijón
51%
325 708Cordoue
51%
293 642Vigo
50%
220 020Oviedo
49%
172 044Santander
43%
100 266Gérone
40%
196 851Almeria
36%
175 921Burgos
34%
143 978Salamanque
33%
180 747Getafe
33%
132 299Tarragone
31%
124 772León
26%
144 258Huelva
26%
230 625Elche
23%
141 463Marbella
21%
173 050Albacete
20%
204 856Santa Cruz de Tenerife
17%
113 457Jaén
17%
212 879Jerez de la Frontera
15%
213 943Carthagène
15%
150 530Badajoz
14%
378 517Las Palmas de Gran Canaria
13%
249 176Vitoria Gasteiz
12%
105 505Orense
10%
137 856Lérida
9%
188 425Leganés
9%
151 113Logroño
9%
261 068L'Hospitalet de Llobregat
9%
169 502Alcorcon
9%
211 734Sabadell
9%
217 741Badalona
8%
133 168Dos Hermanas
8%
207 095Móstoles
7%
103 477Reus
6%
126 988Mataró
6%
193 751Alcalá de Henares
6%
193 586Fuenlabrada
6%
218 535Terrassa
6%
116 037Alcobendas
6%
129 729Torrejón de Ardoz
5%
128 256Parla
5%
121 414Algesiras
5%
170 888Castelló de la Plana
3%
100 435Barakaldo
2%
118 821Santa Coloma de Gramenet
2%
101 321Orihuela
2%
155 549San Cristóbal de la Laguna
2%
123 265Telde
1%

Distribution des résultats

Percentile par nombre de réponses

% des personnes avec chaque résultat

Votre développement - résultats

Vous n’avez pas pris ce quiz